000 00811cam a22002414a 4500
001 13201301
005 20180208075440.0
008 030516s2003 maua b 001 0 eng
010 _a 2003047597
020 _a0792372085 (alk. paper)
040 _aDLC
_cDLC
_dDLC
041 _aeng
042 _apcc
080 _a004.6 MAK
082 0 0 _a004.6 MAK
_221
100 _a30
101 _aSHK
245 0 0 _aMobile and wireless internet :
_cKia Makki ... [et al.].
504 _aIncludes bibliographical references and index.
906 _a7
_bcbc
_corignew
_d1
_eocip
_f20
_gy-gencatlg
942 _2ddc
_cBK
999 _c42151
_d42151